Crop Management & Soil Conservation (Record no. 17280)
[ view plain ]
| 000 -LEADER | |
|---|---|
| fixed length control field | 00321nam a22001337a 4500 |
| 008 - FIXED-LENGTH DATA ELEMENTS--GENERAL INFORMATION | |
| fixed length control field | 150805t xxu||||| |||| 00| 0 eng d |
| 020 ## - INTERNATIONAL STANDARD BOOK NUMBER | |
| International Standard Book Number | 978-81-7622-220-4 |
| 082 ## - DEWEY DECIMAL CLASSIFICATION NUMBER | |
| Classification number | 630 |
| 100 ## - MAIN ENTRY--PERSONAL NAME | |
| Personal name | Joseph F. Cox |
| 9 (RLIN) | 1010 |
| 245 ## - TITLE STATEMENT | |
| Title | Crop Management & Soil Conservation |
| 250 ## - EDITION STATEMENT | |
| Edition statement | Second Edition |
| 300 ## - PHYSICAL DESCRIPTION | |
| Extent | 572 |
| 942 ## - ADDED ENTRY ELEMENTS (KOHA) | |
| Source of classification or shelving scheme | |
| Koha item type | Book |
| Withdrawn status | Lost status | Source of classification or shelving scheme | Damaged status | Not for loan | Collection code | Permanent Location | Current Location | Date acquired | Total Checkouts | Full call number | Barcode | Date last seen | Price effective from | Koha item type |
|---|---|---|---|---|---|---|---|---|---|---|---|---|---|---|
| Atta-ur-Rahman School of Applied Biosciences (ASAB) | Atta-ur-Rahman School of Applied Biosciences (ASAB) | 08/05/2015 | 630 JOS | ASAB1726 | 03/21/2017 | 08/05/2015 | Book |
